Raat, choor aur chand (Record no. 330013)
[ view plain ]
| 000 -LEADER | |
|---|---|
| fixed length control field | nam a22 7a 4500 |
| 003 - CONTROL NUMBER IDENTIFIER | |
| control field | NUST |
| 005 - DATE AND TIME OF LATEST TRANSACTION | |
| control field | 20170615094310.0 |
| 008 - FIXED-LENGTH DATA ELEMENTS--GENERAL INFORMATION | |
| fixed length control field | 170605b xxu||||| |||| 00| 0 eng d |
| 020 ## - INTERNATIONAL STANDARD BOOK NUMBER | |
| International Standard Book Number | 9789693520009 |
| 040 ## - CATALOGING SOURCE | |
| Transcribing agency | NUST |
| 082 ## - DEWEY DECIMAL CLASSIFICATION NUMBER | |
| Classification number | 891.4393 |
| Author Mark | SIN |
| 100 ## - MAIN ENTRY--PERSONAL NAME | |
| Personal name | Singh, Balwant |
| 9 (RLIN) | 1962 |
| 245 ## - TITLE STATEMENT | |
| Title | Raat, choor aur chand |
| Statement of responsibility, etc. | by Balwant Singh |
| 260 ## - PUBLICATION, DISTRIBUTION, ETC. | |
| Place of publication, distribution, etc. | Lahore: |
| Name of publisher, distributor, etc. | Sang-e-Meel publications, |
| Date of publication, distribution, etc. | 2007 |
| 300 ## - PHYSICAL DESCRIPTION | |
| Extent | 352 p. |
| 500 ## - GENERAL NOTE | |
| General note | Novel |
| 546 ## - LANGUAGE NOTE | |
| Language note | In Urdu |
| 650 ## - SUBJECT ADDED ENTRY--TOPICAL TERM | |
| Topical term or geographic name entry element | Urdu Literature-Novel |
| 9 (RLIN) | 1164 |
| 880 ## - ALTERNATE GRAPHIC REPRESENTATION | |
| Title | رات، چور اور چاند |
| Linkage | 245-02\(3\r |
| c | بلونت سنگھ |
| 880 ## - ALTERNATE GRAPHIC REPRESENTATION | |
| Title | بلونت سنگھ |
| Linkage | 100-01\(3\r |
| 880 ## - ALTERNATE GRAPHIC REPRESENTATION | |
| Title | لاہور: |
| Linkage | 260-03\(3\r |
| b | سنگ میل پبلی کیشنز، |
| c | 2007 |
| 942 ## - ADDED ENTRY ELEMENTS (KOHA) | |
| Source of classification or shelving scheme | |
| Koha item type | Book |
| Withdrawn status | Lost status | Source of classification or shelving scheme | Damaged status | Not for loan | Permanent Location | Current Location | Shelving location | Date acquired | Total Checkouts | Full call number | Barcode | Date last seen | Date last checked out | Copy number | Price effective from | Koha item type |
|---|---|---|---|---|---|---|---|---|---|---|---|---|---|---|---|---|
| Central Library (CL) | Central Library (CL) | Fiction | 06/05/2017 | 2 | 891.4393 SIN | CL1918 | 12/20/2022 | 11/28/2022 | 1 | 06/05/2017 | Book |
